000 00513nam a2200169 4500
001 131409
003 ES-MaACL
005 20230906193956.0
007 t|
008 070214s1960 sp r ||||1| spa d
100 1 _aRoca-Pons, Josep.
_998006
245 1 0 _aIntroducción a la Gramática /
_cJosep Roca-Pons ; prólogo de A. M. Badia Margarit.
260 _aBarcelona :
_bVergara,
_c1960.
300 _a2 v. ;
_c18 cm.
700 1 _aBadia i Margarit, Antoni M.
_924542
852 _aES-MaACL
_jC-19763-4
_bR.47234
999 _c131409
_d131409